Marvel Or Dc Characters #5 - Statistics

General Stats
  • This quiz has been taken 197 times
  • The average score is 14 of 15
Answer Stats
Question Answer % Correct
Red Hulk Marvel
100%
Human Torch Marvel
98%
Plastic Man DC
97%
Susan Storm Marvel
97%
Mr Fantastic Marvel
97%
Red Robin DC
93%
Black Adam DC
93%
The Thing Marvel
93%
Bizarro DC
92%
Hush DC
92%
Shazam DC
92%
Blue Beetle DC
91%
Howard The Duck Marvel
90%
John Constantine DC
81%
Firestorm DC
80%
No matching quizzes found
Score Distribution
Percent of People with Each Score
Percentile by Number Answered
Your Score History
You have not taken this quiz